00213nam a2200097Ia 4500008004100000041000800041082001500049100001900064245002300083260000900106240625s9999 xx 000 0 und d aeng a332.01 BEN aBENNINGA SIMON aFINANCIAL MODELING c2008